| 000 | 00367nam a22001217a 4500 | ||
|---|---|---|---|
| 082 | _a200 THE | ||
| 100 |
_aGHAZANFAR ABBAS ZAIDI _972556 |
||
| 245 | _aTH-SOF-0917-MODERN TRENDS AND TECHNIQUES IN PROCUREMENT MANAGEMENT | ||
| 260 |
_aNUST COLLEGE OF EME _bISLAMABAD _c2001 |
||
| 650 |
_aMS-EM-7 MSTHESIS _969831 |
||
| 700 |
_aDR AKHTAR NAWAZ MALIK _916099 |
||
| 942 | _cREF | ||
| 999 |
_c578558 _d578558 |
||